Statistics for Pokémon that Start with E

Click here to take the quiz!

General Stats

  • This quiz has been taken 3,003 times
    (1,165 since last reset)
  • The average score is 18 of 26

Answer Stats

GenAnswer% Correct
IIElekid
86%
IElectabuzz
85%
IEevee
84%
IExeggcute
83%
IExeggutor
83%
IVElectivire
82%
VEelektross
80%
IIEspeon
79%
VEelektrik
77%
IElectrode
75%
IIIElectrike
74%
IIEntei
70%
IVEmpoleon
69%
VEmolga
68%
IEkans
67%
VEmboar
66%
VExcadrill
64%
VIEspurr
62%
VElgyem
61%
VEscavalier
57%
VIIIEternatus
55%
VIIIEnamorus
53%
VIIIEiscue
52%
IIIExploud
47%
VIIIEldegoss
45%
IXEspathra
45%

Score Distribution

Percentile by Number Answered

Percent of People with Each Score

Your Score History

You have not taken this quiz since the last reset